000 01280nam a2200349 c 4500
999 _c88119
_d88119
003 BLK
005 20250630093211.0
008 180408b bul|||||r ||||||| ||bul||
010 _aKNG00092775000
020 _a978-954-26-0791-5
040 _aBLK
041 _aBUL
_cBUL
080 _aАржентинска литература
_b821.134.2(82)
_x-31
_z821.134.2(82)-31
100 1 _aБукай, Хорхе
_eпърви автор
_9277477
139 _aБукай, Хорхе
_bБ 85
245 1 0 _aПисма до Клаудия
_bЗад маските и илюзиите
_cХорхе Букай; прев. от исп. Ева Младенова Тофтисова.
257 _aARG
260 _bХермес
_c2009
_fХасково : Полиграфюг
300 _a255 с.
_c20 см
380 _aX
500 _aОриг. загл. Cartas para Claudia / Jorge Bucay.
653 _aромани
659 _aН
700 1 _aТофтисова, Ева Младенова
_eпрев. от исп.
_9372686
852 _aЦб 246071
856 4 _qpdf
856 4 _qpdf
942 _cKNG
_n0
_015
_s1
944 _aCR
_c24.11.2009
_lСевдалина Тодорова
_k30540
944 _aED
_c28.04.2015
_lф /
_kПенка_Димитрова
999 _d88119